Statistics for Taylor swift songs

Click here to take the quiz!

General Stats

  • This quiz has been taken 17 times
  • The average score is 103 of 120

Answer Stats

QuestionTileSelect% Correct
CardiganNo
100%
Tim McGrawNo
100%
CardiganNo
100%
Tim McGrawNo
100%
HappinessNo
100%
Tim McGrawNo
100%
Tim McGrawNo
100%
End gameNo
100%
End gameNo
100%
Love storyNo
100%
Love storyNo
100%
DressNo
92%
Our songNo
92%
Getaway carNo
92%
DressNo
92%
DressNo
92%
Better than revengeNo
92%
Better than revengeNo
92%
The manNo
92%
You're not sorryNo
92%
You're not sorryNo
92%
MarjorieNo
92%
Better than revengeNo
92%
StyleNo
92%
Our songNo
92%
You're not sorryNo
92%
StyleNo
92%
StyleNo
92%
StyleNo
92%
Getaway carNo
92%
Getaway carNo
92%
MirrorballNo
92%
StarlightNo
92%
MirrorballNo
92%
MirrorballNo
92%
StarlightNo
92%
Paper ringsNo
92%
StarlightNo
92%
Paper ringsNo
92%
MarjorieNo
92%
Gold rushNo
92%
Gold rushNo
92%
Tim McGrawYes
92%
HappinessNo
92%
HappinessNo
92%
Our songNo
92%
All too wellNo
92%
End gameNo
92%
All too wellNo
92%
All too wellNo
92%
Love storyNo
92%
CardiganNo
92%
CardiganNo
92%
CardiganNo
92%
I wish you wouldNo
92%
Gold rushNo
92%
Tim McGrawNo
92%
Sparks flyNo
92%
MarjorieNo
92%
Gold rushNo
92%
Paper ringsNo
92%
MarjorieNo
92%
I wish you wouldNo
92%
Sparks flyNo
92%
Sparks flyNo
92%
Paper ringsNo
92%
I wish you wouldNo
83%
I wish you wouldNo
83%
Getaway carNo
83%
The manNo
83%
Getaway carNo
83%
The manNo
83%
The manNo
83%
All too wellNo
83%
I wish you wouldNo
83%
All too wellNo
83%
The manNo
83%
StyleYes
83%
StarlightNo
83%
Better than revengeNo
83%
CardiganYes
83%
Sparks flyNo
83%
End gameNo
83%
End gameYes
83%
End gameNo
83%
Paper ringsNo
83%
You're not sorryNo
83%
Our songYes
83%
Better than revengeNo
83%
DressNo
83%
Our songNo
83%
Paper ringsYes
83%
StyleNo
83%
MirrorballNo
83%
Our songNo
83%
Sparks flyNo
75%
StarlightNo
75%
All too wellYes
75%
HappinessNo
75%
You're not sorryNo
75%
HappinessNo
75%
MarjorieYes
75%
MarjorieNo
75%
Getaway carYes
75%
Love storyNo
75%
DressNo
75%
Better than revengeYes
75%
Love storyNo
75%
You're not sorryYes
67%
I wish you wouldYes
67%
Sparks flyYes
67%
Gold rushNo
67%
Gold rushYes
67%
DressYes
67%
MirrorballNo
67%
StarlightYes
67%
Love storyYes
58%
The manYes
58%
MirrorballYes
58%
HappinessYes
42%

Score Distribution

Percentile by Number Answered

Percent of People with Each Score

Your Score History

You have not taken this quiz